History Quiz

Random History or Nation Quiz

US History Grab Bag IV Quiz Stats

 Plays Quiz Updated Apr 22, 2016

Challenge
Share
Tweet
Embed
Score 0/38 Timer 07:00
4 Plays Today
Hint Answer % Correct
5 Rights/Freedoms covered in 1st AmendmentSpeech
92.1%
'M' PresidentsJames Madison
83.6%
'M' PresidentsJames Monroe
83.6%
2nd Largest City in Any CensusLos Angeles, California
79.6%
Presidents Died in Office, Not AssassinatedFranklin D. Roosevelt
79%
African-American Women to be Secretary of StateCondoleezza Rice
78.8%
First 3 National Parks established*Yellowstone National Park (1872)
78.3%
5 Rights/Freedoms covered in 1st AmendmentReligion
76.6%
Opposing Commanders at the Battle of GettysburgGeneral Robert E. Lee
74.8%
2nd Largest City in Any CensusChicago, Illinois
74.7%
Presidents Born in MassachusettsJohn Adams
69.8%
Presidents Died in Office, Not AssassinatedWilliam Henry Harrison
69.7%
Presidents Born in MassachusettsJohn Quincy Adams
69.6%
2nd Largest City in Any CensusPhiladelphia, Pennsylvania
66.9%
5 Rights/Freedoms covered in 1st AmendmentPress
65.4%
5 Rights/Freedoms covered in 1st AmendmentAssembly
64.7%
States Admitted in 1840sTexas
63.4%
Presidents Born in MassachusettsJohn F. Kennedy
58.7%
First 3 National Parks established*Yosemite National Park (1890)
58.2%
Hint Answer % Correct
'M' PresidentsWilliam McKinley
57.1%
Speakers of the House During Clinton PresidencyNewt Gingrich
47.4%
States Admitted in 1840sIowa
46.4%
Presidents Died in Office, Not AssassinatedZachary Taylor
45.7%
Two-Century Vice Presidents**Al Gore
42.6%
States Admitted in 1840sWisconsin
42.6%
Presidents Died in Office, Not AssassinatedWarren G. Harding
42.4%
Presidents Born in MassachusettsGeorge H. W. Bush
40.5%
Two-Century Vice Presidents**Thomas Jefferson
40.1%
States Admitted in 1840sFlorida
36.8%
19th Century 'C' Vice PresidentsJohn C. Calhoun
34.6%
2nd Largest City in Any CensusBaltimore, Maryland
32.6%
19th Century 'C' Vice PresidentsGeorge Clinton
24.3%
5 Rights/Freedoms covered in 1st AmendmentPetition
22.3%
Opposing Commanders at the Battle of GettysburgMajor General George G. Meade
19.6%
Speakers of the House During Clinton PresidencyDenny Hastert
15.5%
First 3 National Parks established*Sequoia National Park (1890)
6.6%
Speakers of the House During Clinton PresidencyTom Foley
5.9%
19th Century 'C' Vice PresidentsSchuyler Colfax
4.1%

You're not logged in!

Compare scores with friends on all Sporcle quizzes.
OR
Log In

You Might Also Like...

Show Comments

Extras

Top Quizzes Today


Score Distribution

Your Account Isn't Verified!

In order to create a playlist on Sporcle, you need to verify the email address you used during registration. Go to your Sporcle Settings to finish the process.

Report this User

Report this user for behavior that violates our Community Guidelines.

Details: